Evaluación en términos económicos, institucionales y financieros de los incentivos económicos directos e indirectos existentes para apoyar la competitividad del subsector de las plantaciones forestales comerciales y su industria derivada; y examen de los casos de transacción en que incurre el sector privado para cumplir con la normatividad regulatoria relacionada con las prácticas de manejo forestal de plantaciones (Registro nro. 6376)

Detalles MARC
000 -CABECERA
Campo de control 01612nam a2200241 a 4500
005 - FECHA Y HORA DE LA ULTIMA TRANSACCION
Campo de control 20180803165350.0
008 - ELEMENTOS DE LONGITUD FIJA—INFORMACION GENERAL
Campo de control 140128b2004 ck ||||| |||| 00| 0 spa d
040 ## - FUENTE DE CATALOGACIÓN
Agencia transcriptora CO-BoIH
041 ## - IDIOMA
Código de idioma para texto/pista de sonido o título separado Español
090 ## - CLASIFICACIÓN LOCAL
Colección IAVH
Consecutivo 00936
100 ## - ASIENTO PRINCIPAL--NOMBRE PERSONAL
Nombre personal Cristancho, Edwin
245 ## - MENCION DE TITULO
Título Evaluación en términos económicos, institucionales y financieros de los incentivos económicos directos e indirectos existentes para apoyar la competitividad del subsector de las plantaciones forestales comerciales y su industria derivada; y examen de los casos de transacción en que incurre el sector privado para cumplir con la normatividad regulatoria relacionada con las prácticas de manejo forestal de plantaciones
260 ## - PUBLICACION, DISTRIBUCION, ETC. (PIE DE IMPRENTA)
Lugar de publicación, distribución, etc. Bogotá
Nombre del editor, distribuidor, etc. Instituto Alexander von Humboldt
-- CONIF
Fecha de publicación, distribución, etc. 2004
300 ## - DESCRIPCION FISICA
Extensión 48 p.
520 ## - NOTA DE RESUMEN, ETC.
Nota de resumen Cuenta de la evaluación en términos económicos, institucionales y financieros de los incentivos económicos directos e indirectos existentes para apoyar la competitividad del subsector de las plantaciones forestales comerciales y su industria derivada, desde su abordaje metodológico y marco conceptual, instrumentos económicos, diagnósticos del sector forestal, evaluación económica, financiera e institucional de incentivos directos e indirectos para el subsector de las plantaciones forestales comerciales y su industria derivada y recomendaciones
650 ## - ASIENTO SECUNDARIO DE MATERIA - TERMINO TEMATICO
Término temático o nombre geográfico como elemento de entrada Diagnóstico
650 ## - ASIENTO SECUNDARIO DE MATERIA - TERMINO TEMATICO
Término temático o nombre geográfico como elemento de entrada Evaluación económica
650 ## - ASIENTO SECUNDARIO DE MATERIA - TERMINO TEMATICO
Término temático o nombre geográfico como elemento de entrada Incentivos
650 ## - ASIENTO SECUNDARIO DE MATERIA - TERMINO TEMATICO
Término temático o nombre geográfico como elemento de entrada Sector forestal
700 ## - ASIENTO SECUNDARIO - NOMBRE PERSONAL
Nombre personal Rodríguez, Jean Carlos
942 ## - ELEMENTOS ADICIONALES (KOHA)
Tipo de ítem Informe Técnico
Sistema de clasificación Local
Koha issues (borrowed), all copies 1
945 ## - PROCESAMIENTO LOCAL
AAAA-MM-DD - Fecha de ingreso o modificacion 2008-07-08
Existencias
Withdrawn status Lost status Sistema de Clasificación Damaged status No para préstamo Colección Inventariado Ubicación Permanente Ubicación actual Fecha de adquisición Total Checkouts Número topográfico Inventario / Código de Barras Date last seen Date checked out Ejemplar Price effective from Forma de adquisición Tipo de material
    Local     Humboldt Inventariado 2017 Bogotá Bogotá 08/07/2008 1 IAVH-00936 026108 09/08/2024 13/06/2014 Ej. 1 04/12/2012   Informe Técnico